<?xml version="1.0" encoding="UTF-8"?>
<marc:record xmlns:marc="http://www.loc.gov/MARC21/slim">
   <marc:leader>00000nam a2200000 a 4500</marc:leader>
   <marc:datafield ind1="1" ind2=" " tag="100">
      <marc:subfield code="a">Robson, Lucia St. Clair</marc:subfield>
      <marc:subfield code="4">aut</marc:subfield>
      <marc:subfield code="e">Verfasser/-in</marc:subfield>
   </marc:datafield>
   <marc:datafield ind1=" " ind2=" " tag="653">
      <marc:subfield code="a">P2020</marc:subfield>
   </marc:datafield>
   <marc:datafield ind1="0" ind2="0" tag="245">
      <marc:subfield code="a">In der Ferne ein Feuer</marc:subfield>
   </marc:datafield>
   <marc:datafield ind1="0" ind2="0" tag="245">
      <marc:subfield code="b">Roman</marc:subfield>
   </marc:datafield>
   <marc:datafield ind1="0" ind2="0" tag="245">
      <marc:subfield code="c">Lucia St. Clair Robson</marc:subfield>
   </marc:datafield>
   <marc:datafield ind1=" " ind2="1" tag="264">
      <marc:subfield code="a">Rheda-Wiedenbrück</marc:subfield>
      <marc:subfield code="b">Bertelsmann Club</marc:subfield>
      <marc:subfield code="c">1988</marc:subfield>
   </marc:datafield>
   <marc:datafield ind1="1" ind2=" " tag="520">
      <marc:subfield code="a">Florida 1819: In der Schlacht am Econfina-River unterliegen die Seminolen-Indianer der US-Armee. Die Krieger werden ermordet, Frauen und Kinder gefangengenommen. Der junge Cricket wird Zeuge eines gnadenlosen Blutvergießens, und nur durch das beherzte Eingreifen seiner Großmutter entgeht er dem sicheren Tod. Die Schmach der Vertreibung und die Unterdrückung durch die Bleichgesichter hinterlassen tiefe Spuren bei dem heranwachsenden Cricket und seinen Stammesbrüdern. Der Roman ist die große Saga vom Leben, Kampf und Untergang des stolzen Volkes der Seminolen - und es ist die Geschichte des zum Krieger Osceola mutierten Jungen Cricket,  des tapferen und selbst von seinen Feinden verehrten Widerstandsführers.</marc:subfield>
   </marc:datafield>
   <marc:datafield ind1=" " ind2=" " tag="500">
      <marc:subfield code="a">Aus dem Amerikanischen von Hans-Joachim Maass.</marc:subfield>
   </marc:datafield>
   <marc:datafield ind1=" " ind2=" " tag="300">
      <marc:subfield code="a">510 S.</marc:subfield>
   </marc:datafield>
</marc:record>
